| 000 | 00450cam a2200181 a 4500 | ||
|---|---|---|---|
| 020 | _a0878406034 (alk. paper) | ||
| 082 | 0 | 0 |
_a291.17873 _bBUR |
| 245 | 0 | 0 | _aWar and its discontents |
| 260 |
_aWashington, D.C. : _bGeorgetown University Press, _c1996. |
||
| 300 | _axi, 220 p. ; | ||
| 650 | 0 | _aNonviolence | |
| 650 | 0 | _aPacifism | |
| 650 | 0 | _aWar | |
| 650 | 0 | _aPeace | |
| 650 | 0 | _aJust war doctrine | |
| 700 | 1 | _aBurns, J. Patout. | |
| 942 | _cBK | ||
| 999 |
_c22353 _d22353 |
||